000 00903 a2200229 4500
005 20260410111112.0
008 260410b |||||||| |||| 00| 0 eng d
020 _a9789385145087 (hbk)
037 _cTB
040 _aAL
_cAL
041 _2hin
_ahin
_hsan
084 _aO15,1:g R5
_qAL
245 _aकाव्यालतिका
260 _aदिल्ली, भारत:
_bशिवालिक प्रकाशन,
_c2025.
300 _a135पृ.
365 _b795.00
_cINR
650 _aसंस्कृत कविता
650 _aसंस्कृत साहित्य
700 _aनारायणन, ई. आर.
_eसम्पादक
_9848592
942 _cTB
_2CC
_hO15,1:g R5
999 _c1464823
_d1464823